LIBRARY ONLINE CATALOGUE

Financial accounting / (Record no. 1028)

MARC details
000 -LEADER
fixed length control field 00593cam a22002052 4500
001 - CONTROL NUMBER
control field 0000019195
005 - DATE AND TIME OF LATEST TRANSACTION
control field 20151021151131.0
008 - FIXED-LENGTH DATA ELEMENTS--GENERAL INFORMATION
fixed length control field 101019s xx 000 0 eng d
020 ## - INTERNATIONAL STANDARD BOOK NUMBER
International Standard Book Number 0070187606
040 ## - CATALOGING SOURCE
Original cataloging agency KABU
Transcribing agency KABU
245 10 - TITLE STATEMENT
Title Financial accounting /
Statement of responsibility, etc. Jan R. Williams ... [et al. ]
250 ## - EDITION STATEMENT
Edition statement 14th ed.
260 ## - PUBLICATION, DISTRIBUTION, ETC. (IMPRINT)
Place of publication, distribution, etc. Boston :
Name of publisher, distributor, etc. McGraw-Hill,
Date of publication, distribution, etc. 2010.
300 ## - PHYSICAL DESCRIPTION
Extent xxxi, 727 p.
650 #0 - SUBJECT ADDED ENTRY--TOPICAL TERM
Topical term or geographic name as entry element Accounting.
-- 0000148321
700 1# - ADDED ENTRY--PERSONAL NAME
Personal name Williams, Jan R.
-- 0000167605
852 1# - LOCATION
-- p3640 KES
908 ## - PUT COMMAND PARAMETER (RLIN)
Put command parameter 101019
950 ## - LOCAL HOLDINGS (RLIN)
-- 1
Holdings
Withdrawn status Lost status Source of classification or shelving scheme Not for loan Home library Current library Date acquired Total Checkouts Full call number Barcode Date last seen Date last checked out Price effective from Koha item type Total Renewals
    Library of Congress Classification   Kabarak, Nakuru City Campus Kabarak, Main Campus 21/10/2015 1 HF5635 .F56 2010 c. 1 23360 14/03/2025 24/02/2025 21/10/2015 General Collection  
    Library of Congress Classification   Kabarak, Main Campus Kabarak, Main Campus 17/12/2015 1 HF5635 .F56 2010 c. 1 23508 02/08/2024 12/01/2021 17/12/2015 General Collection  
    Library of Congress Classification   Kabarak, Nakuru City Campus Kabarak, Nakuru City Campus 17/12/2015 1 HF5635 .F56 2010 c. 2 23750 23/08/2022 15/09/2017 17/12/2015 General Collection 1